[Event "60th ch-RUS Higher League"]
[Site "Krasnoyarsk RUS"]
[Date "2007.09.09"]
[Round "6"]
[White "Timofeev,Arty"]
[Black "Rychagov,A"]
[Result "1/2-1/2"]
[WhiteElo "2650"]
[BlackElo "2557"]
[EventDate "2007.09.03"]

1. e4 e6 2. d4 d5 3. Nc3 dxe4 4. Nxe4 Nd7 5. Nf3 Ngf6 6. Bd3 Nxe4 7. Bxe4
Nf6 8. Bg5 Qd6 9. Bxf6 gxf6 10. c3 f5 11. Bd3 Bd7 12. Ne5 Bg7 13. Nxd7 Qxd7
14. Qe2 O-O-O 15. O-O c5 16. Bb5 Qc7 17. dxc5 Qxc5 18. a4 Rd6 19. Qh5 Qc7
20. a5 a6 21. Be2 Kb8 22. Ra4 h6 23. Rb4 Ka7 24. Rc4 Qd7 25. b4 Rd5 26. Qf3
Rd8 27. Qg3 Be5 28. Qe3+ Kb8 29. Bf3 f4 30. Qe2 Rb5 31. Rc5 f6 32. Qc4 Ka7
33. h3 Rxc5 34. bxc5 Qb5 35. Qxe6 Qxc5 36. Rb1 Rb8 37. Qb6+ Qxb6 38. axb6+
Ka8 39. Ra1 Rd8 40. Rxa6+ Kb8 41. Ra7 Rd7 42. c4 Bd4 43. Ra5 Re7 44. Rd5
Bxb6 45. Kf1 Rc7 46. Rd6 Ka7 47. Rxf6 Rxc4 48. Ke2 Rc2+ 49. Kd3 Rc7 50.
Rxh6 Bxf2 51. h4 b5 52. h5 b4 53. Bd5 Rc3+ 54. Ke4 b3 55. Rh8 Ka6 56. Rb8
Bb6 57. h6 b2 58. Ba2 Rc7 59. Rh8 Re7+ 60. Kd5 Rd7+ 61. Ke6 Bd4 62. Ra8+
Ra7 63. Rd8 Be3 64. Kd5 f3 65. gxf3 1/2-1/2

[Event "60th ch-RUS Higher League"]
[Site "Krasnoyarsk RUS"]
[Date "2007.09.09"]
[Round "6"]
[White "Zakhartsov,V"]
[Black "Grachev,B"]
[Result "1/2-1/2"]
[WhiteElo "2559"]
[BlackElo "2601"]
[EventDate "2007.09.03"]

1. d4 d5 2. Nf3 e6 3. c4 c6 4. Qc2 Nf6 5. Bg5 h6 6. Bh4 dxc4 7. Qxc4 b5 8.
Qc2 Bb7 9. e3 Nbd7 10. Be2 Be7 11. O-O O-O 12. Nc3 Rc8 13. Rfd1 a6 14. a4
b4 15. Ne4 Nxe4 16. Bxe7 Qxe7 17. Qxe4 Nf6 18. Qe5 c5 19. Rac1 Nd7 20. Qf4
a5 21. Bb5 Nf6 22. Ne5 Nd5 23. Qg4 cxd4 24. Qxd4 Rxc1 25. Rxc1 Rd8 26. Rd1
Rc8 27. Nc4 Qg5 28. Qe5 Qxe5 29. Nxe5 Rc2 30. Nc4 Bc6 31. Bxc6 Rxc4 32.
Bxd5 exd5 33. Kf1 b3 34. Rd3 Rxa4 1/2-1/2

[Event "60th ch-RUS Higher League"]
[Site "Krasnoyarsk RUS"]
[Date "2007.09.09"]
[Round "6"]
[White "Kobalia,M"]
[Black "Kurnosov,I"]
[Result "1-0"]
[WhiteElo "2634"]
[BlackElo "2579"]
[EventDate "2007.09.03"]

1. e4 c5 2. Nf3 d6 3. d4 Nf6 4. Nc3 cxd4 5. Nxd4 a6 6. Be3 Ng4 7. Bg5 h6 8.
Bh4 g5 9. Bg3 Bg7 10. h3 Nf6 11. Bc4 Qb6 12. Bb3 O-O 13. Nde2 Nbd7 14. f3
Nc5 15. Bf2 Bd7 16. O-O Qc7 17. Ng3 b5 18. Bd4 Nxb3 19. axb3 e5 20. Be3 Be6
21. Rf2 b4 22. Na4 d5 23. Nc5 d4 24. Nxe6 fxe6 25. Bd2 a5 26. Be1 Rfc8 27.
Nf1 Nd7 28. Rc1 Bf8 29. Kh1 Nc5 30. Bd2 Ra6 31. Ra1 Rc6 32. Be1 Nd7 33. Rc1
Nc5 34. Ra1 Nd7 35. Rc1 Nb6 36. c3 bxc3 37. bxc3 dxc3 38. Rfc2 Ba3 39. Ra1
Bb4 40. Ne3 Kh7 41. Qe2 Rd8 42. Nd1 Qd6 43. Bxc3 Qd3 44. Qxd3 Rxd3 45. Rac1
Kg6 46. Kh2 Nd7 47. Bxb4 Rxc2 48. Rxc2 axb4 49. Nf2 Rc3 50. Rxc3 bxc3 51.
Nd3 Kf6 52. Kg3 Ke7 53. Kf2 Kd6 54. Ke2 h5 55. Kd1 g4 56. hxg4 hxg4 57.
fxg4 Nf6 58. Nf2 Kc5 59. g5 Nh5 60. Kc2 Kd4 61. g6 Ng7 62. g3 Ne8 63. g4
Ng7 64. g5 Nh5 65. Ng4 Ng7 66. Nf6 Ke3 67. Kxc3 Kf4 68. b4 Kxg5 69. b5 1-0

[Event "60th ch-RUS Higher League"]
[Site "Krasnoyarsk RUS"]
[Date "2007.09.09"]
[Round "6"]
[White "Kiselev,G"]
[Black "Galkin,A"]
[Result "1/2-1/2"]
[WhiteElo "2434"]
[BlackElo "2608"]
[EventDate "2007.09.03"]

1. e4 c6 2. d4 d5 3. Nd2 dxe4 4. Nxe4 Nd7 5. Nf3 Ngf6 6. Nxf6+ Nxf6 7. c3
Bg4 8. h3 Bxf3 9. Qxf3 Qd5 10. Be2 Qxf3 11. Bxf3 e6 12. Bf4 Be7 13. Be5 O-O
14. Bxf6 Bxf6 15. O-O-O 1/2-1/2

[Event "60th ch-RUS Higher League"]
[Site "Krasnoyarsk RUS"]
[Date "2007.09.09"]
[Round "6"]
[White "Yakovich,Yur"]
[Black "Makarov,M"]
[Result "1/2-1/2"]
[WhiteElo "2597"]
[BlackElo "2518"]
[EventDate "2007.09.03"]

1. e4 c5 2. Nc3 a6 3. f4 b5 4. Nf3 Bb7 5. d3 e6 6. g3 b4 7. Ne2 f5 8. Bg2
Nf6 9. e5 Nd5 10. c4 bxc3 11. bxc3 c4 12. Rb1 Qc7 13. dxc4 1/2-1/2

[Event "60th ch-RUS Higher League"]
[Site "Krasnoyarsk RUS"]
[Date "2007.09.09"]
[Round "6"]
[White "Lastin,A"]
[Black "Turov,M"]
[Result "1/2-1/2"]
[WhiteElo "2583"]
[BlackElo "2561"]
[EventDate "2007.09.03"]

1. e4 e5 2. Nf3 Nf6 3. Nxe5 d6 4. Nf3 Nxe4 5. d4 d5 6. Bd3 Nc6 7. O-O Be7
8. c4 O-O 9. cxd5 Qxd5 10. Nc3 Nxc3 11. bxc3 Bg4 12. Re1 Bxf3 13. Qxf3 Qxf3
14. gxf3 Bd6 15. Rb1 Rab8 16. Bg5 h6 17. Bd2 b6 18. Re4 Ne7 19. Kh1 f5 20.
Re6 Rbd8 21. Rg1 Kh7 22. c4 Rf7 23. Bc3 Bc5 24. Rg4 g6 25. Rh4 Ng8 26. Bxf5
Rxf5 27. dxc5 Rxf3 28. Rd4 Rxd4 29. Bxd4 Rf4 30. Be3 Rf7 31. cxb6 cxb6 32.
c5 bxc5 33. Bxc5 Rc7 34. Be3 Ne7 35. Ra6 Nc6 36. Kg2 Kg7 37. Kf3 h5 38. Ra4
Re7 39. Bc5 Re5 40. Bxa7 Nxa7 41. Rxa7+ Kf6 42. a4 Kg5 43. Kg3 Re4 44. h3
Rb4 45. Ra5+ 1/2-1/2

[Event "60th ch-RUS Higher League"]
[Site "Krasnoyarsk RUS"]
[Date "2007.09.09"]
[Round "6"]
[White "Kabanov,N"]
[Black "Popov,Val"]
[Result "1/2-1/2"]
[WhiteElo "2509"]
[BlackElo "2577"]
[EventDate "2007.09.03"]

1. e4 e6 2. d4 d5 3. exd5 exd5 4. Nf3 Nc6 5. Bb5 Bd6 6. c4 dxc4 7. d5 a6 8.
Ba4 b5 9. dxc6 bxa4 10. O-O Ne7 11. Qxa4 Rb8 12. a3 O-O 13. Nbd2 Qe8 14.
Nxc4 Qxc6 15. Qxc6 Nxc6 16. Nxd6 cxd6 17. Rd1 Ne5 18. Nd4 Re8 19. b3 Bg4
20. f3 Bd7 21. Bf4 f6 22. Rac1 Rec8 23. Rxc8+ Rxc8 24. Ne2 Rc6 25. Bd2 Rc2
26. Nd4 Rc5 27. Kf2 Kf7 28. Ke3 Nc6 29. Ne2 Rc2 30. Bc3 Ne7 31. Rd2 Rxd2
32. Kxd2 h5 33. Bd4 h4 34. Bf2 g5 35. Nc3 Bc6 36. Ne4 Ke6 37. Bd4 Nd5 38.
g3 hxg3 39. hxg3 Be8 40. Bb2 Bg6 41. g4 Bxe4 42. fxe4 Ne7 43. Ke3 Ng8 44.
a4 d5 45. exd5+ Kxd5 46. Kf3 Ke6 47. b4 Kd5 48. b5 axb5 49. axb5 Nh6
1/2-1/2

[Event "60th ch-RUS Higher League"]
[Site "Krasnoyarsk RUS"]
[Date "2007.09.09"]
[Round "6"]
[White "Panarin,M"]
[Black "Ovetchkin,R"]
[Result "1/2-1/2"]
[WhiteElo "2529"]
[BlackElo "2557"]
[EventDate "2007.09.03"]

1. e4 e6 2. d4 d5 3. e5 c5 4. c3 Nc6 5. Nf3 Bd7 6. Be2 Nge7 7. Na3 cxd4 8.
cxd4 Nf5 9. Nc2 Nb4 10. Nxb4 Bxb4+ 11. Bd2 Qa5 12. Bxb4 Qxb4+ 13. Qd2 Qxd2+
14. Kxd2 f6 15. Rac1 Ne7 16. Rhe1 Nf5 1/2-1/2

[Event "60th ch-RUS Higher League"]
[Site "Krasnoyarsk RUS"]
[Date "2007.09.09"]
[Round "6"]
[White "Chuprov,D"]
[Black "Lintchevski,D"]
[Result "1/2-1/2"]
[WhiteElo "2554"]
[BlackElo "2451"]
[EventDate "2007.09.03"]

1. g3 d5 2. Bg2 Nf6 3. d3 c6 4. Nd2 e5 5. e4 Bd6 6. Ngf3 O-O 7. O-O Re8 8.
Re1 Nbd7 9. h3 Nf8 10. Nh4 Ng6 11. Nf5 dxe4 12. Nxd6 Qxd6 13. Nxe4 Nxe4 14.
dxe4 Qc7 15. Be3 Be6 16. Qd2 Red8 17. Qc3 b6 18. Rad1 Ne7 19. a3 f6 20. Bf1
Rxd1 21. Rxd1 Rd8 22. Rxd8+ Qxd8 23. Bc4 Qc8 24. h4 Kf7 25. Be2 c5 26. Qd2
Nc6 27. c3 Na5 28. f3 Nc4 1/2-1/2

[Event "60th ch-RUS Higher League"]
[Site "Krasnoyarsk RUS"]
[Date "2007.09.09"]
[Round "6"]
[White "Voinov,A"]
[Black "Kryakvin,D"]
[Result "1/2-1/2"]
[WhiteElo "2428"]
[BlackElo "2554"]
[EventDate "2007.09.03"]

1. d4 g6 2. Nf3 Bg7 3. g3 Nf6 4. Bg2 O-O 5. O-O d6 6. c4 Nc6 7. Nc3 Rb8 8.
e3 a6 9. Qe2 b5 10. Rd1 b4 11. Nd5 Nd7 12. a3 a5 13. axb4 axb4 14. e4 e6
15. Nf4 Re8 16. Be3 Bb7 17. Nd3 Ne7 18. Bd2 Nc6 19. Be3 Ba8 20. Rac1 Na5
21. Nd2 c5 22. dxc5 dxc5 23. Bxc5 Bxb2 24. Rb1 Nxc5 25. Nxc5 Bc3 26. e5 Qc8
27. Nde4 Bxe4 28. Nxe4 Bxe5 29. c5 Rd8 30. Rdc1 Qc7 31. c6 Bd4 32. Nc5 Bxc5
33. Rxc5 b3 34. Qe5 Qxe5 35. Rxe5 Nc4 36. Rc5 Nd2 37. Rb2 Rbc8 38. f4 Rd6
39. Kf2 f5 40. Ke3 Ne4 41. Bxe4 fxe4 42. Kxe4 Rcxc6 43. Rxc6 Rxc6 44. Rxb3
Rc7 45. g4 1/2-1/2

[Event "60th ch-RUS Higher League"]
[Site "Krasnoyarsk RUS"]
[Date "2007.09.09"]
[Round "6"]
[White "Shomoev,A"]
[Black "Iskusnyh,S"]
[Result "1/2-1/2"]
[WhiteElo "2561"]
[BlackElo "2488"]
[EventDate "2007.09.03"]

1. e4 c5 2. Nf3 Nc6 3. d4 cxd4 4. Nxd4 g6 5. Nc3 Bg7 6. Be3 Nf6 7. Bc4 Qa5
8. O-O O-O 9. Bb3 d6 10. h3 Bd7 11. f4 Nxd4 12. Bxd4 Bc6 13. Qe1 Qb4 14.
Be3 Nxe4 15. Nd5 Qxe1 16. Nxe7+ Kh8 17. Raxe1 f5 18. c3 a5 19. a3 Rae8 20.
Nd5 Nc5 21. Bxc5 dxc5 22. Nc7 Rxe1 23. Rxe1 Rd8 24. Rd1 Rxd1+ 25. Bxd1 b5
26. Ne6 b4 27. axb4 axb4 28. cxb4 Bxb2 29. Nxc5 Bc3 30. Nd3 Be4 31. Be2
Bxd3 32. Bxd3 Bxb4 33. Kf2 1/2-1/2

[Event "60th ch-RUS Higher League"]
[Site "Krasnoyarsk RUS"]
[Date "2007.09.09"]
[Round "6"]
[White "Petrukhin,D"]
[Black "Gavrilov,Al1"]
[Result "1/2-1/2"]
[WhiteElo "2412"]
[BlackElo "2512"]
[EventDate "2007.09.03"]

1. e4 e5 2. Nc3 Nf6 3. Bc4 Bc5 4. d3 c6 5. Nf3 d6 6. a3 Bb6 7. Ba2 O-O 8.
Ne2 Be6 9. Bxe6 fxe6 10. Ng3 Nbd7 11. O-O h6 12. c3 Qe8 13. Be3 Bxe3 14.
fxe3 d5 15. exd5 exd5 16. e4 dxe4 17. dxe4 Qe6 18. Qe2 a5 19. b4 Kh7 20.
Nd2 b5 21. c4 axb4 22. axb4 Rxa1 23. Rxa1 Qd6 24. Rb1 Qd4+ 25. Kh1 bxc4 26.
Nxc4 Rb8 27. Qf1 Qc3 28. Nd6 Rxb4 29. Rc1 Qd2 30. Rxc6 Qf4 31. Rc1 Qxf1+
32. Rxf1 Nc5 33. Nf7 Nd3 34. Nd6 Nc5 35. Nf7 Ncd7 36. Nd6 Kg6 37. h3 Nc5
38. Re1 Nd3 39. Re3 Nf4 40. Ngf5 N6h5 41. Ra3 Kh7 42. g4 Rb1+ 43. Kh2 Rb2+
44. Kh1 Rb1+ 45. Kh2 Rb2+ 46. Kg1 Nf6 47. Kf1 Rb8 48. Ra7 Rb1+ 49. Kf2
Nxh3+ 50. Ke2 Nf4+ 51. Kd2 Ne6 52. Re7 Ng5 53. Kc2 Rh1 54. Rxg7+ Kh8 55.
Rg6 Nxg4 56. Nxh6 Rh2+ 57. Kb3 Rxh6 58. Rxg5 Rxd6 59. Rxg4 Rd4 60. Kc3 Kh7
61. Rg5 Rxe4 62. Kd3 Re1 63. Rg4 Rd1+ 64. Ke4 1/2-1/2

[Event "60th ch-RUS Higher League"]
[Site "Krasnoyarsk RUS"]
[Date "2007.09.09"]
[Round "6"]
[White "Pevzner,L"]
[Black "Alavkin,A"]
[Result "1-0"]
[WhiteElo "2395"]
[BlackElo "2500"]
[EventDate "2007.09.03"]

1. d4 d5 2. c4 c6 3. Nc3 Nf6 4. cxd5 cxd5 5. Bf4 Nc6 6. e3 e6 7. Bd3 Bd6 8.
Bxd6 Qxd6 9. f4 O-O 10. Nf3 Nd7 11. O-O a6 12. Ne5 Ncxe5 13. fxe5 Qe7 14.
Qh5 f5 15. exf6 Nxf6 16. Qh4 h6 17. e4 dxe4 18. Nxe4 Bd7 19. Nxf6+ Rxf6 20.
Qe4 Be8 21. Qh7+ Kf8 22. Qh8+ Kf7 23. Bh7 Qf8 24. Rxf6+ gxf6 25. Bg6+ Ke7
26. Qh7+ Kd6 27. Bxe8 Qxe8 28. Qxh6 Ke7 29. Rc1 Rc8 30. Qg7+ Kd6 31. Qg3+
Kd7 32. Qg7+ Kd6 33. Rf1 Qe7 34. Qg3+ Kd7 35. Qf3 Kd6 36. Qxf6 Qxf6 37.
Rxf6 Rc2 38. Rf2 Rc1+ 39. Rf1 Rc2 40. h4 Rxb2 41. Rf2 Rb4 42. Rd2 Ke7 43.
Kf2 e5 44. Ke3 Ra4 45. g4 exd4+ 46. Rxd4 Rxa2 47. g5 b5 48. g6 Kf6 49. h5
Ra3+ 50. Ke4 Rg3 51. Kf4 Rg1 52. Rd6+ Kg7 53. Rd7+ Kf6 54. Rf7+ Ke6 55. Ra7
b4 56. Rxa6+ Kd5 57. h6 b3 58. Rb6 Rf1+ 59. Ke3 Rh1 60. g7 1-0

[Event "60th ch-RUS Higher League"]
[Site "Krasnoyarsk RUS"]
[Date "2007.09.09"]
[Round "6"]
[White "Kremenietsky,AnM"]
[Black "Zablotsky,S"]
[Result "0-1"]
[WhiteElo "2353"]
[BlackElo "2498"]
[EventDate "2007.09.03"]

1. d4 d5 2. Nf3 Nf6 3. c4 e6 4. Nc3 c6 5. cxd5 exd5 6. Bg5 Nbd7 7. e3 Be7
8. Bd3 O-O 9. O-O Re8 10. Qc2 Nf8 11. Nd2 Bd6 12. Bf5 g6 13. Bxc8 Rxc8 14.
Nf3 Ne6 15. Bh4 Ng7 16. Bg3 Bxg3 17. hxg3 Ng4 18. Nh2 Nxh2 19. Kxh2 Nf5 20.
Rfe1 Nd6 21. Kg1 h5 22. Rad1 Rc7 23. e4 Nxe4 24. Nxe4 dxe4 25. Rxe4 Rxe4
26. Qxe4 Re7 27. Qc2 Qd5 28. a3 a5 29. b4 axb4 30. axb4 Re4 31. Qc3 h4 32.
gxh4 Rxh4 33. Qc5 Qe4 34. Qc3 Qe2 35. Qf3 Qxf3 36. gxf3 Kf8 37. Kg2 Ke7 38.
Kg3 g5 39. b5 Kd6 40. bxc6 bxc6 41. Kg2 Kd5 42. Ra1 Rxd4 43. Kf1 c5 44. Ke2
f6 45. Ra6 Rf4 46. Ra3 c4 47. Re3 Kc5 48. Kd2 Kb4 49. Ke2 Rf5 0-1

[Event "60th ch-RUS Higher League"]
[Site "Krasnoyarsk RUS"]
[Date "2007.09.09"]
[Round "6"]
[White "Anisimov,P"]
[Black "Keosidi,K"]
[Result "1-0"]
[WhiteElo "2482"]
[BlackElo "2409"]
[EventDate "2007.09.03"]

1. e4 e5 2. Nf3 Nf6 3. d4 Nxe4 4. Bd3 d5 5. Nxe5 Nd7 6. Nxd7 Bxd7 7. O-O
Qh4 8. c4 O-O-O 9. c5 g6 10. Nc3 Bg7 11. Ne2 Ng5 12. Bf4 Ne6 13. Bg3 Qe7
14. Rc1 h5 15. h3 h4 16. Bh2 Qe8 17. Re1 g5 18. Bf5 Rh6 19. Nc3 Qh8 20. c6
bxc6 21. Nxd5 Nxd4 22. Qa4 Nb5 23. Nb6+ 1-0

[Event "60th ch-RUS Higher League"]
[Site "Krasnoyarsk RUS"]
[Date "2007.09.10"]
[Round "7"]
[White "Smirnov,P"]
[Black "Zakhartsov,V"]
[Result "0-1"]
[WhiteElo "2636"]
[BlackElo "2559"]
[EventDate "2007.09.03"]

1. e4 c5 2. Nf3 d6 3. d4 cxd4 4. Nxd4 Nf6 5. Nc3 a6 6. Be3 Ng4 7. Bg5 h6 8.
Bh4 g5 9. Bg3 Bg7 10. h3 Ne5 11. f3 Nbc6 12. Bf2 Ng6 13. Qd2 Nxd4 14. Bxd4
Bxd4 15. Qxd4 Be6 16. g3 Qa5 17. f4 gxf4 18. gxf4 O-O-O 19. f5 Ne5 20. Be2
Bc4 21. Bh5 Rhg8 22. Rg1 Nc6 23. Qf2 Rxg1+ 24. Qxg1 Nb4 25. O-O-O Nxa2+ 26.
Nxa2 Qxa2 27. Qd4 Kb8 28. e5 Rc8 29. exd6 Bb3 30. Kd2 Qa5+ 31. Ke3 Bxc2 32.
d7 Rd8 33. Rc1 Bxf5 34. b4 Qb5 35. Rc5 Qxd7 36. Qe5+ Ka7 37. Be2 Qd2+ 38.
Kf2 Bd3 0-1

[Event "60th ch-RUS Higher League"]
[Site "Krasnoyarsk RUS"]
[Date "2007.09.10"]
[Round "7"]
[White "Galkin,A"]
[Black "Lastin,A"]
[Result "1/2-1/2"]
[WhiteElo "2608"]
[BlackElo "2583"]
[EventDate "2007.09.03"]

1. e4 c6 2. d4 d5 3. exd5 cxd5 4. c4 Nf6 5. Nc3 e6 6. Nf3 Bb4 7. cxd5 Nxd5
8. Bd2 Nc6 9. Bd3 O-O 10. O-O Be7 11. Re1 Bf6 12. Nxd5 Qxd5 13. Bc3 Rd8 14.
Be4 Qh5 15. Ne5 Qxd1 16. Raxd1 Bd7 17. f4 Rab8 18. d5 Nxe5 19. fxe5 Bh4 20.
g3 exd5 21. Bxd5 Be7 22. Bxf7+ Kxf7 23. Rxd7 Ke6 24. Rc7 Rdc8 25. Rxc8 Rxc8
26. Re4 b5 27. Kf2 g6 28. Ke3 Rd8 29. Ke2 Rd5 30. a3 a6 31. Rf4 Rd8 32. Rf1
h5 33. Ke3 Rc8 34. Kd3 Rd8+ 35. Ke4 Rc8 36. Rd1 Rc4+ 37. Rd4 Rc5 38. Rd3
Rc4+ 39. Bd4 b4 40. axb4 Bxb4 41. Rf3 Be7 42. Rc3 Rxc3 43. Bxc3 Bc5 44. Bd4
Bb4 45. Be3 Ba5 46. Kf4 Bd8 47. Bc5 Kd5 48. Ba3 Ke6 49. Bf8 Kf7 50. Bd6 Ke6
51. Bc5 Kd5 52. Bf8 Ke6 53. Bh6 Be7 54. Bg5 Bb4 55. Ke4 Bc5 56. Bf6 Bg1 57.
h3 Bb6 58. b3 Bc5 59. Bd8 Bg1 60. Bc7 Bc5 61. Bb8 Bf2 62. Kf4 Kf7 63. Bd6
Be1 64. Bc5 Bd2+ 65. Be3 Bc3 66. Ke4 Ke6 67. Bd4 Be1 68. g4 hxg4 69. hxg4
Bg3 70. Bb2 Bh2 1/2-1/2

[Event "60th ch-RUS Higher League"]
[Site "Krasnoyarsk RUS"]
[Date "2007.09.10"]
[Round "7"]
[White "Makarov,M"]
[Black "Tregubov,P"]
[Result "1/2-1/2"]
[WhiteElo "2518"]
[BlackElo "2599"]
[EventDate "2007.09.03"]

1. Nf3 c5 2. c4 Nc6 3. Nc3 e5 4. e3 Nf6 5. Qc2 Be7 6. a3 O-O 7. b3 d6 8.
Bb2 a6 9. Bd3 h6 10. h4 Ne8 11. Bh7+ Kh8 12. Bf5 Nc7 13. Nd5 Nxd5 14. cxd5
Na5 15. g4 Bxf5 16. gxf5 Qb6 17. Rb1 Qxb3 18. Qxb3 Nxb3 19. Bxe5 dxe5 20.
Rxb3 e4 21. Ne5 b5 22. Nc6 c4 23. Rc3 Bf6 24. Rc2 Rfd8 25. Nxd8 Rxd8 26.
Rg1 h5 27. a4 Rxd5 28. axb5 axb5 29. f3 exf3 30. Rh1 Rxf5 31. Kf2 g6 32.
Rh3 Kg7 33. Rxf3 Bxh4+ 34. Ke2 Rd5 35. Ra2 f5 36. Ra6 Bf6 37. Rc6 h4 38. e4
Re5 39. Ra3 Rxe4+ 40. Kf3 Bd4 41. Ra5 h3 42. Rxb5 h2 43. Kg2 Be5 44. Rb1
Kh6 45. Rc1 Kh5 46. R6xc4 Re2+ 47. Kh1 Rxd2 48. R4c2 Rd3 49. Re2 Bd6 50.
Rf1 Rd5 51. Rd2 Rxd2 52. Rxf5+ Kh6 53. Rh5+ Kg7 54. Rh7+ Kf6 55. Rf7+ Ke6
56. Re7+ Kd5 1/2-1/2

[Event "60th ch-RUS Higher League"]
[Site "Krasnoyarsk RUS"]
[Date "2007.09.10"]
[Round "7"]
[White "Potkin,V"]
[Black "Romanov,E"]
[Result "0-1"]
[WhiteElo "2591"]
[BlackElo "2521"]
[EventDate "2007.09.03"]

1. d4 Nf6 2. c4 e6 3. Nf3 d5 4. g3 dxc4 5. Bg2 Bb4+ 6. Bd2 a5 7. Qc2 Bxd2+
8. Qxd2 c6 9. a4 b5 10. axb5 cxb5 11. Qg5 O-O 12. Qxb5 Ba6 13. Qa4 Qb6 14.
O-O Qxb2 15. Nbd2 Bb5 16. Nxc4 Bxa4 17. Nxb2 Bb5 18. Ne5 Ra7 19. Bf3 Nbd7
20. Nec4 Rb8 21. Rfc1 g5 22. e3 g4 23. Bd1 Bc6 24. Nxa5 Rxa5 25. Rxa5 Rxb2
26. Rxc6 Rb1 27. Kg2 Rxd1 28. Rc2 Nb6 29. h3 h5 30. hxg4 hxg4 31. Raa2 Nbd5
32. Rd2 Rxd2 33. Rxd2 Kg7 34. Ra2 Kg6 35. Rb2 Ne4 36. Rb8 Ndc3 37. Rb2 Nd1
38. Rb6 Kg7 39. Rb5 Nexf2 40. Rb1 Nc3 41. Rb3 Nfd1 42. Kg1 f5 43. Ra3 Kf6
44. Rb3 Nd5 45. e4 fxe4 46. Rb8 e3 47. Kf1 N1c3 48. Ke1 Kf5 49. Rf8+ Ke4
0-1

[Event "60th ch-RUS Higher League"]
[Site "Krasnoyarsk RUS"]
[Date "2007.09.10"]
[Round "7"]
[White "Kurnosov,I"]
[Black "Kostin,Alexe"]
[Result "1-0"]
[WhiteElo "2579"]
[BlackElo "2434"]
[EventDate "2007.09.03"]

1. e4 e6 2. d4 d5 3. Nc3 Nf6 4. e5 Nfd7 5. f4 c5 6. Nf3 Nc6 7. Be3 cxd4 8.
Nxd4 Bc5 9. Qd2 O-O 10. O-O-O Nxd4 11. Bxd4 b6 12. h4 Bb7 13. Be2 Qe7 14.
h5 h6 15. Rh3 Bxd4 16. Qxd4 Nc5 17. g4 Rac8 18. Kb1 Rfd8 19. Bd3 Nxd3 20.
cxd3 Qc5 21. Qxc5 bxc5 22. Nb5 Ba6 23. Nd6 Rc7 24. Rc1 Rb8 25. d4 Rb4 26.
Rxc5 Rd7 27. g5 Rxd4 28. gxh6 Rxf4 29. Rg3 f5 30. exf6 Rxd6 31. fxg7 Rd8
32. Rc7 Bd3+ 33. Rxd3 Rf6 34. Rg3 Rxh6 35. Rg5 d4 36. Kc2 d3+ 37. Kd2 Rf6
38. Rg2 e5 39. Re7 1-0

[Event "60th ch-RUS Higher League"]
[Site "Krasnoyarsk RUS"]
[Date "2007.09.10"]
[Round "7"]
[White "Lintchevski,D"]
[Black "Maletin,P"]
[Result "1/2-1/2"]
[WhiteElo "2451"]
[BlackElo "2567"]
[EventDate "2007.09.03"]

1. e4 c5 2. Nf3 Nc6 3. d4 cxd4 4. Nxd4 g6 5. c4 Nf6 6. Nc3 d6 7. Be2 Nxd4
8. Qxd4 Bg7 9. Be3 O-O 10. Qd2 a5 11. O-O a4 12. Rab1 Be6 13. Rfc1 Qa5 14.
b4 axb3 15. axb3 Qb4 16. Qd1 Rfc8 17. Bd2 Qb6 18. Be3 Qb4 19. Bd2 Qb6 20.
Be3 Qd8 21. f3 h5 22. Nb5 Qf8 23. Qd2 Kh7 24. b4 Bh6 25. Nd4 Bd7 26. Bxh6
Qxh6 27. Qxh6+ Kxh6 28. c5 dxc5 29. Rxc5 b6 30. Rxc8 Rxc8 31. Kf2 e5 32.
Nb5 Rc2 33. Nd6 Be6 34. Ke3 h4 35. Rd1 Rb2 36. b5 Nh5 37. Rd2 Rb3+ 38. Kf2
Rb4 39. g3 Rb1 40. Bc4 hxg3+ 1/2-1/2

[Event "60th ch-RUS Higher League"]
[Site "Krasnoyarsk RUS"]
[Date "2007.09.10"]
[Round "7"]
[White "Ovetchkin,R"]
[Black "Voinov,A"]
[Result "1-0"]
[WhiteElo "2557"]
[BlackElo "2428"]
[EventDate "2007.09.03"]

1. e4 d6 2. d4 Nf6 3. Nc3 g6 4. Bg5 Bg7 5. f4 O-O 6. Qd2 c6 7. Nf3 d5 8.
Bxf6 exf6 9. O-O-O dxe4 10. Nxe4 Be6 11. Nc5 Bc8 12. Bc4 Nd7 13. Rhe1 Nb6
14. Bb3 Qc7 15. h3 Nd5 16. Bxd5 cxd5 17. g4 b6 18. Nd3 Ba6 19. f5 Rfe8 20.
Kb1 Re4 21. Nf2 Rxe1 22. Rxe1 Qg3 23. Qe3 Bb5 24. Rg1 Qd6 25. Nd1 Re8 26.
Qf2 Qf4 27. Nc3 Re3 28. Nxb5 Rxf3 29. Qe1 a6 30. Nc3 Qxd4 31. Qe8+ Bf8 32.
Rd1 Qe5 33. Qa8 Kg7 34. a4 Rxh3 35. Rxd5 Qf4 36. Rd7 Qf1+ 37. Rd1 Qc4 38.
g5 Rxc3 39. gxf6+ Kg8 40. Qxf8+ 1-0

[Event "60th ch-RUS Higher League"]
[Site "Krasnoyarsk RUS"]
[Date "2007.09.10"]
[Round "7"]
[White "Zablotsky,S"]
[Black "Chuprov,D"]
[Result "1/2-1/2"]
[WhiteElo "2498"]
[BlackElo "2554"]
[EventDate "2007.09.03"]

1. d4 Nf6 2. c4 g6 3. Nc3 Bg7 4. e4 d6 5. h3 O-O 6. Be3 e5 7. d5 Na6 8. g4
Nc5 9. Bg2 a5 10. Nge2 c6 11. Ng3 cxd5 12. cxd5 a4 13. Qd2 Qa5 14. O-O b5
15. Rac1 Ba6 16. Rfd1 Rfc8 17. f3 Nfd7 18. Bf1 b4 19. Nb1 Bxf1 20. Kxf1 Bf6
21. Qe2 Bh4 22. Nh1 a3 23. bxa3 bxa3 24. Rc3 Qb4 25. Rc4 Qb7 26. Rc3 Qb4
27. Rc4 Qb5 28. Rc3 Qb4 1/2-1/2

[Event "60th ch-RUS Higher League"]
[Site "Krasnoyarsk RUS"]
[Date "2007.09.10"]
[Round "7"]
[White "Kryakvin,D"]
[Black "Panarin,M"]
[Result "1/2-1/2"]
[WhiteElo "2554"]
[BlackElo "2529"]
[EventDate "2007.09.03"]

1. e4 c6 2. d4 d5 3. Nc3 dxe4 4. Nxe4 Bf5 5. Ng3 Bg6 6. N1e2 e6 7. Nf4 Bd6
8. c3 Nf6 9. h4 Bxf4 10. Bxf4 h6 11. h5 Bh7 12. Qb3 Qb6 13. Qa3 Nbd7 14.
Bd6 Rc8 15. Rd1 c5 16. dxc5 Nxc5 17. Rh4 Nce4 18. Nxe4 Nxe4 19. Rd4 Nxd6
20. Rxd6 Qc5 21. Qa4+ Rc6 22. Rxc6 bxc6 23. Rg4 Ke7 24. Qf4 e5 25. Qe3
Qxe3+ 26. fxe3 Kf6 27. Ra4 Rb8 28. Rxa7 Rxb2 29. Bc4 Kf5 30. Bd3+ e4 31.
Bc4 Rxg2 32. a4 Ke5 33. Bxf7 Rc2 34. c4 Bf5 35. Kf1 Rc1+ 36. Ke2 Rc2+ 37.
Kd1 Rc3 38. Kd2 Rd3+ 39. Ke2 Bg4+ 40. Kf2 Rd2+ 41. Kg3 Bf3 42. Be8 Rg2+ 43.
Kh3 Re2 44. Rxg7 Rxe3 45. Bxc6 Re1 46. Rg6 Kf4 47. Rf6+ Ke3 48. Rxh6 Kf2
49. Kh4 Rg1 50. Rg6 Rh1+ 51. Kg5 Rxh5+ 52. Kf4 Rh4+ 53. Ke5 e3 54. Bxf3
Kxf3 55. Rf6+ Kg2 56. Kd5 Rh5+ 57. Kd4 e2 58. Re6 Kf2 59. c5 Rh4+ 60. Kd5
Rxa4 61. c6 Ra6 62. Rxe2+ Kxe2 63. c7 Ra8 64. Kc6 Kd3 65. Kb7 Rg8 66. c8=R
Rxc8 67. Kxc8 1/2-1/2

[Event "60th ch-RUS Higher League"]
[Site "Krasnoyarsk RUS"]
[Date "2007.09.10"]
[Round "7"]
[White "Kiriakov,P"]
[Black "Pevzner,L"]
[Result "1-0"]
[WhiteElo "2541"]
[BlackElo "2395"]
[EventDate "2007.09.03"]

1. d4 d5 2. c4 c6 3. Nc3 Nf6 4. e3 a6 5. Qc2 b5 6. b3 Bg4 7. Nge2 Nbd7 8.
h3 Bxe2 9. Bxe2 e6 10. O-O Bd6 11. a3 bxc4 12. bxc4 O-O 13. c5 Bc7 14. Qa4
Ba5 15. Na2 Qc7 16. Bb2 Rfb8 17. Qc2 Ne4 18. Bd3 f5 19. Rfd1 Ndf6 20. Rab1
f4 21. Qe2 Rf8 22. Bc1 f3 23. gxf3 Ng5 24. f4 Nge4 25. f3 Ng3 26. Qf2 Nfh5
27. Kh2 Nf5 28. Rg1 Rf6 29. Nb4 Rh6 30. Bxf5 exf5 31. Nd3 Rb8 32. Rxb8+
Qxb8 33. Qb2 Qb5 34. Qxb5 axb5 35. Rg5 1-0

[Event "60th ch-RUS Higher League"]
[Site "Krasnoyarsk RUS"]
[Date "2007.09.10"]
[Round "7"]
[White "Nechepurenko,R"]
[Black "Petrukhin,D"]
[Result "1-0"]
[WhiteElo "2510"]
[BlackElo "2412"]
[EventDate "2007.09.03"]

1. d4 Nf6 2. Nf3 g6 3. Bg5 Bg7 4. Nbd2 O-O 5. c3 d6 6. e4 Nbd7 7. Be2 e5 8.
dxe5 dxe5 9. O-O h6 10. Bh4 a5 11. Qc2 Qe8 12. Rfe1 Nh5 13. Rad1 Nc5 14.
Nc4 b5 15. Rd5 Ne6 16. Ncxe5 c6 17. Rd6 g5 18. Bg3 Nxg3 19. hxg3 Nd8 20.
Nxc6 Nb7 21. Qd2 g4 22. Bxb5 gxf3 23. Rd5 Be6 24. gxf3 Kh7 25. Nd4 Qc8 26.
Nxe6 Qxe6 27. Bd7 Qb6 28. e5 Rad8 29. b4 axb4 30. cxb4 Rb8 31. a4 Nd8 32.
Rb1 Ne6 33. f4 Qa7 34. a5 Ra8 35. Bc6 Rad8 36. b5 f5 37. b6 Qa6 38. Bd7 1-0

[Event "60th ch-RUS Higher League"]
[Site "Krasnoyarsk RUS"]
[Date "2007.09.10"]
[Round "7"]
[White "Iskusnyh,S"]
[Black "Anisimov,P"]
[Result "1/2-1/2"]
[WhiteElo "2488"]
[BlackElo "2482"]
[EventDate "2007.09.03"]

1. d4 Nf6 2. c4 e6 3. g3 c5 4. Nf3 cxd4 5. Nxd4 d5 6. Bg2 e5 7. Nf3 d4 8.
O-O Nc6 9. e3 Bc5 10. exd4 exd4 11. Re1+ Be6 1/2-1/2